Gendering Fascism
| Titel: | Gendering Fascism : Individual Actors, Concepts, and Transnational Connections / edited by Andrea Germer, Jasmin Rückert |
|---|---|
| Beteiligt: | ; |
| Veröffentlicht: | Leiden : Brill, 27. Februar 2025 |
| Umfang: | 1 Online-Ressource |
| Format: | E-Book |
| Sprache: | Englisch |
| Schriftenreihe/ mehrbändiges Werk: |
Brill's Specials in Modern History ; 9 |
| RVK-Notation: | |
| ISBN: | 9789004703766 ; 9789004691506 |
alg: 52755288 001A $00030:21-02-25 001B $01999:31-03-26 $t21:01:21.000 001D $01999:31-03-26 001U $0utf8 001X $00 002@ $0Oay 002C $aText $btxt $2rdacontent 002D $aComputermedien $bc $2rdamedia 002E $aOnline-Ressource $bcr $2rdacarrier 003@ $0527552887 004A $A978-90-04-70376-6 004O $A978-90-04-69150-6 $Sp 007A $0527552887 $aHEB 007I $0BRILL9789004703766 009Q $uhttps://brill.com/display/title/69744 $xH 010@ $aeng 010E $erda 011@ $a2025 $n27. Februar 2025 013D $#Beiträge Formschlagwort $#Einzelbeiträge $#Sammelwerk Formschlagwort $D20251120 $Ecgmnf $74143413-4 $8Aufsatzsammlung [Tsz] $9085562742 013D $RWissenschaftliche Literatur $RAufsatzsammlung $#Konferenzbericht $D20251120 $Ecgmnf $71071861417 $8Konferenzschrift [Tsz] $9359646190 017B $aZDB-95-BOC 017B $aZDB-95-BEMH 021A $aGendering Fascism $dIndividual Actors, Concepts, and Transnational Connections $hedited by Andrea Germer, Jasmin Rückert 028C $aGermer $BHerausgeber $dAndrea $4edt 028C $aRückert $BHerausgeber $dJasmin $4edt 033A $pLeiden $nBrill 033E $pLeiden $nBrill 034D $a1 Online-Ressource 036E $aBrill's Specials in Modern History $l9 039U $aRezensiert in $8--Oou--Lazda, Mara I. [Tp3]. [Andrea Germer, Jasmin Rückert (Hgg.): Gendering Fascism: Individual Actors, Concepts, and Transnational Connections], 2026. - DOI 10.1080/01629778.2026.2618410 $9543337146 044K $RGeschlechterforschung $RGeschlechterrolle $RGeschlechterverhältnis $RGeschlecht $RGeschlechtsunterschied $RGeschlechtsidentität $RDrittes Geschlecht $RTransgender $RNichtbinäre Geschlechtsidentität $#Gender $#Soziales Geschlecht $#Geschlecht Kategorie $#Geschlecht Gender $D20251120 $Ecgmnf $71321369956 $8Gender [Ts1] $9515739782 044K $RIdeologie $RRechtsradikalismus $RAntifaschismus $RFaschist $#Fascism $#Fascisme $#Fascismo $#Faschismus $#Faschismus $#Faschistisches System/Faschistische Gesellschaft $D20251120 $Ecgmnf $74016494-9 $8Faschismus [Ts1] $9085038679 044K $RErwachsener $RWeiblichkeit $#Women $#Women Psychology $#Femmes $#Femmes Psychologie $#Donne $#Mujeres $#women $#Women $#Frauen $#Frau $#Erwachsene Frau $#Weib $#Weibliche Erwachsene $#Frauen $D20251120 $Ecgmnf $74018202-2 $8Frau [Tsz] $908504265X 045E $c900 045Z $D20251120 $Ecgmnf $8NQ 2120 [Tkv] $9410911933 lok: 52755288 3 101B $021-02-25 $t14:43:05.000 101C $021-02-25 101U $0utf8 145S/01 $a039 exp: 52755288 3 1 #EPN 201B/01 $025-06-25 $t08:08:55.000 201C/01 $021-02-25 201U/01 $0utf8 203@/01 $01293878235 208@/01 $a21-02-25 $boAa 209A/01 $a/ $f900 $x00 209B/01 $a502 $x05 209B/01 $a569 $x06 209G/01 $aLizenziert für die Universität Frankfurt am Main $x01 209S/01 $uhttps://brill.com/display/title/69744 $XH 209S/01 $3x $uhttps://www.ub.uni-frankfurt.de/online/ebook_readme.html#brill $XXR 220C/01 $aBrill Early Modern History and Modern History Collection 2025 247C/01 $8601900-6 <30/900>Frankfurt, Universität Frankfurt, Elektronische Ressourcen $9210502010 lok: 52755288 78 exp: 52755288 78 1 #EPN 201B/01 $031-03-26 $t18:02:10.000 201C/01 $031-03-26 201U/01 $0utf8 203@/01 $01339235536 208@/01 $a31-03-26 $be 209A/01 $a/ $f000 $x00 209A/01 $ab*p $x01 220C/01 $akoe 247C/01 $82080>Marburg/Lahn, Herder-Institut, Forschungsbibliothek, Bibliographieportal $9336309341
| LEADER | 00000cam a22000002c 4500 | ||
|---|---|---|---|
| 001 | 527552887 | ||
| 003 | DE-603 | ||
| 005 | 20260331210121.0 | ||
| 007 | cr|||||||||||| | ||
| 008 | 250221s2025 xx |||| o| u10||u|eng c | ||
| 020 | |a 9789004703766 | ||
| 035 | |a (DE-599)HEB527552887 | ||
| 040 | |a DE-603 |b ger |c DE-603 |d DE-603 |e rda | ||
| 041 | |a eng | ||
| 084 | |a 900 |q DE-101 |2 sdnb | ||
| 084 | |a NQ 2120 |0 (DE-625)128222: |0 (DE-603)410911933 |2 rvk | ||
| 245 | 0 | 0 | |a Gendering Fascism |b Individual Actors, Concepts, and Transnational Connections |c edited by Andrea Germer, Jasmin Rückert |
| 264 | 1 | |a Leiden |b Brill |c 27. Februar 2025 | |
| 264 | 2 | |a Leiden |b Brill | |
| 300 | |a 1 Online-Ressource | ||
| 336 | |a Text |b txt |2 rdacontent | ||
| 337 | |a Computermedien |b c |2 rdamedia | ||
| 338 | |a Online-Ressource |b cr |2 rdacarrier | ||
| 490 | 0 | |a Brill's Specials in Modern History |v 9 | |
| 650 | 7 | |a Gender |0 (DE-588)1321369956 |0 (DE-603)515739782 |2 gnd | |
| 650 | 7 | |a Faschismus |0 (DE-588)4016494-9 |0 (DE-603)085038679 |2 gnd | |
| 650 | 7 | |a Frau |0 (DE-588)4018202-2 |0 (DE-603)08504265X |2 gnd | |
| 655 | 7 | |a Aufsatzsammlung |2 gnd-content |0 (DE-588)4143413-4 |0 (DE-603)085562742 | |
| 655 | 7 | |a Konferenzschrift |2 gnd-content |0 (DE-588)1071861417 |0 (DE-603)359646190 | |
| 700 | 1 | |a Germer, Andrea |e Herausgeber |4 edt | |
| 700 | 1 | |a Rückert, Jasmin |e Herausgeber |4 edt | |
| 776 | 1 | |z 9789004691506 | |
| 787 | 0 | 8 | |i Rezensiert in |a Lazda, Mara I. |t [Andrea Germer, Jasmin Rückert (Hgg.): Gendering Fascism: Individual Actors, Concepts, and Transnational Connections] |o 10.1080/01629778.2026.2618410 |w (DE-603)543337146 |
| 856 | |u https://brill.com/display/title/69744 |x Verlag | ||
| 912 | |a ZDB-95-BOC | ||
| 924 | 1 | |9 30/900 |a (DE-603)1293878235 |b DE-30-900 |c HES |d d |g / |k https://brill.com/display/title/69744 |k https://www.ub.uni-frankfurt.de/online/ebook_readme.html#brill | |
| 924 | 1 | |9 2080 |a (DE-603)1339235536 |b DE-2080 |c HES |d d |g / | |


